000 00683nam a2200277Ia 4500
005 20260324134234.0
008 008 260324s9999 xx 000 0 eng d
020 _a9781003555148
037 _aEBOOK
040 _aCRL
040 _beng
040 _cCRL
041 _2eng
041 _aeng
084 _qCRL
100 _aBrian Patrick McGuire
_91196083
245 0 _aFriendship and Faith: Cistercian Men, Women, and Their Stories, 1100-1250
260 _bTaylor and Francis
260 _c2002
365 _a
365 _b230
856 _uhttp://www.taylorfrancis.com/books/9781003555148
942 _cEBOOK
999 _c1795936
_d1795936